U.S. Cities with Teams in 'Big Four' Sports Leagues - Sudden Death - Statistics

General Stats
  • This quiz has been taken 92 times
  • The average score is 8 of 12
Answers on the Grid
Answers color-coded by a green-red scale on the quiz's grid according to % correct below.
Atlanta
Austin
Baltimore
Boston
Chicago
Cleveland
Dallas–Fort Worth
Denver
Detroit
El Paso
Houston
Indianapolis
Jacksonville
Kansas City
Las Vegas
Los Angeles
Memphis
Miami
Minneapolis–Saint Paul
New Orleans
New York City
Philadelphia
Phoenix
Portland
San Antonio
San Diego
San Francisco Bay Area
Seattle-Tacoma
St. Louis
Washington D.C.
 
Answer Stats
Answer % Correct
Chicago
84%
Boston
82%
New York City
75%
Detroit
72%
Los Angeles
69%
Dallas–Fort Worth
68%
Philadelphia
65%
Washington D.C.
62%
Denver
60%
San Francisco Bay Area
57%
Minneapolis–Saint Paul
56%
Miami
53%
No matching quizzes found
Score Distribution
Percent of People with Each Score
Percentile by Number Answered
Your Score History
You have not taken this quiz